| 000 | 00560nam a2200217Ia 4500 | ||
|---|---|---|---|
| 005 | 20230404100143.0 | ||
| 008 | 131103s9999 xx 000 0 und d | ||
| 020 | _cRs.40.00 | ||
| 040 | _aLoreto College | ||
| 041 | _aEnglish | ||
| 082 |
_a891.44 _bROY-TAG |
||
| 100 | _aTagore,Rabindranath | ||
| 245 |
_aBharat pathik Rammohan Roy _cRabindranath Tagore |
||
| 260 |
_aKolkata _bParul prakashani _c2008 |
||
| 300 | _a46p. | ||
| 630 | _aRoy,Rammohan-Biography | ||
| 650 | _aRoy,Rammohan | ||
| 651 | _aBengali-essays | ||
| 850 | _aLCLIB | ||
| 942 | _cBK | ||
| 999 |
_c36527 _d87006 |
||